Normal view
MARC view
- Indígenas de América del Norte
Entry Materia
001 - NÚMERO DE CONTROL DEL REGISTRO
- campo de control: 24077
003 - IDENTIFICADOR DE NUMERO DE CONTROL
- campo de control: MX-MxUPN
005 - FECHA Y HORA DE LA ÚLTIMA TRANSACCIÓN
- campo de control: 20231127132952.0
008 - DATOS DE LONGITUD FIJA
- campo de control de longitud fija: 231127n||acnnnbabn a ana |d
035 ## - NÚMERO DE CONTROL DEL SISTEMA
- Número de control del sistema: UPN10000024086
040 ## - FUENTE DE LA CATALOGACIÓN
- Centro catalogador de origen: MX-MxUPN
- Lengua de catalogación: spa
- Agencia de transcripción: MX-MxUPN
150 ## - ENCABEZAMIENTO - TEMÁTICO
- Término de materia o nombre geográfico como elemento inicial: Indígenas de América del Norte
- Subdivisión de materia general: Folklore
670 ## - FUENTE EN LA QUE SE LOCALIZARON DATOS
- Cita de la fuente: LC
- Información localizada: Indias of North America -- Folklore
670 ## - FUENTE EN LA QUE SE LOCALIZARON DATOS
- Cita de la fuente: LEMB, 1998:
- Información localizada: página 570 (Indígenas de América del Norte)
670 ## - FUENTE EN LA QUE SE LOCALIZARON DATOS
- Cita de la fuente: Autoridades BGTQ, 27 noviembre 2023:
- Información localizada: subdivisión general (Folklore)
902 ## - CATALOGADOR
- Catalogador: MITM/110915
- Catalogador: Víctor Ruiz/271123
